[Event "Olympiad-42"]
[Site "Baku"]
[Date "2016.09.10"]
[Round "8.4"]
[White "Adricula, Noel A"]
[Black "Khuphwathea, Paul C"]
[Result "1/2-1/2"]
[WhiteElo "1656"]
[BlackElo "1879"]
[PlyCount "137"]
[EventDate "2016.09.02"]
[EventType "team-swiss"]
[EventRounds "11"]
[EventCountry "AZE"]
[SourceTitle "CBM 175"]
[Source "ChessBase"]
[SourceDate "2016.11.10"]
[SourceVersion "1"]
[SourceVersionDate "2016.11.10"]
[SourceQuality "1"]
[WhiteTeam "Fiji"]
[BlackTeam "Malawi"]
[WhiteTeamCountry "FIJ"]
[BlackTeamCountry "MWI"]

1. e4 c5 2. Nf3 Nc6 3. d4 cxd4 4. Nxd4 Nf6 5. Nc3 g6 6. Be3 Bg7 7. f3 Qa5 8. Qd2 a6 9. Be2 d6 10. 0-0 0-0 11. Bc4 Nxd4 12. Bxd4 Qb4 13. Bb3 Nxe4 14. fxe4 Qxd4+ 15. Qxd4 Bxd4+ 16. Kh1 Bxc3 17. bxc3 Be6 18. Rf3 Rac8 19. Re1 Bc4 20. h3 Rc5 21. Ree3 b5 22. Kh2 f6 23. g4 Rb8 24. Re1 a5 25. Rb1 Rcc8 26. Kg3 Kg7 27. h4 a4 28. Bxc4 bxc4 29. Rb4 Rxb4 30. cxb4 c3 31. a3 Kf7 32. g5 Ke6 33. Kg4 Ke5 34. Re3 Rc4 35. Kf3 fxg5 36. hxg5 e6 37. Re1 d5 38. exd5+ Kxd5 39. Rh1 Rc7 40. Rd1+ Ke5 41. Ke3 Kf5 42. Rg1 Rd7 43. b5 Rb7 44. Rb1 Kxg5 45. Kd3 h5 46. Kxc3 h4 47. Kd4 Kf4 48. c4 h3 49. c5 h2 50. c6 Rxb5 51. Rf1+ Kg3 52. c7 Rd5+ 53. Kc4 Rd2 54. Kc3 Rf2 55. Rxf2 h1Q 56. c8Q Kxf2 57. Qc5+ Kg3 58. Qe5+ Kf2 59. Qd4+ Kg3 60. Qe5+ Kg4 61. Qxe6+ Kf4 62. Qf6+ Ke3 63. Qg5+ Ke4 64. Qxg6+ Kd5 65. Qf7+ Kd6 66. Qf8+ Kd7 67. Qf7+ Kd8 68. Qf8+ Kc7 69. Qe7+ 1/2-1/2

[Event "Olympiad-42"]
[Site "Baku"]
[Date "2016.09.09"]
[Round "7.4"]
[White "Khuphwathea, Paul C"]
[Black "Leon Archibaldo, Orlando Andres"]
[Result "0-1"]
[WhiteElo "1879"]
[BlackElo "2060"]
[PlyCount "54"]
[EventDate "2016.09.02"]
[EventType "team-swiss"]
[EventRounds "11"]
[EventCountry "AZE"]
[SourceTitle "CBM 175"]
[Source "ChessBase"]
[SourceDate "2016.11.10"]
[SourceVersion "1"]
[SourceVersionDate "2016.11.10"]
[SourceQuality "1"]
[WhiteTeam "Malawi"]
[BlackTeam "Panama"]
[WhiteTeamCountry "MWI"]
[BlackTeamCountry "PAN"]

1. d4 d5 2. Nf3 Nf6 3. Bg5 Ne4 4. Bh4 c5 5. c3 cxd4 6. Nxd4 Qb6 7. f3 Qh6 8. Bxe7 Bxe7 9. fxe4 Bh4+ 10. g3 Bxg3+ 11. hxg3 Qxh1 12. exd5 Qxd5 13. Qd3 0-0 14. Nd2 Nc6 15. Nxc6 Qxc6 16. 0-0-0 Be6 17. Nf3 Bxa2 18. Bg2 Bc4 19. Qc2 Rfe8 20. e3 Qh6 21. Kb1 Rxe3 22. Nd4 Qa6 23. Be4 g6 24. b3 Re8 25. Nf5 gxf5 26. Bxf5 Re2 27. Bxh7+ Kg7 0-1

[Event "Olympiad-42"]
[Site "Baku"]
[Date "2016.09.08"]
[Round "6.4"]
[White "Demosthenous, Andreas"]
[Black "Khuphwathea, Paul C"]
[Result "0-1"]
[WhiteElo "1983"]
[BlackElo "1879"]
[PlyCount "52"]
[EventDate "2016.09.02"]
[EventType "team-swiss"]
[EventRounds "11"]
[EventCountry "AZE"]
[SourceTitle "CBM 175"]
[Source "ChessBase"]
[SourceDate "2016.11.10"]
[SourceVersion "1"]
[SourceVersionDate "2016.11.10"]
[SourceQuality "1"]
[WhiteTeam "Cyprus"]
[BlackTeam "Malawi"]
[WhiteTeamCountry "CYP"]
[BlackTeamCountry "MWI"]

1. e4 c5 2. Nf3 Nc6 3. d4 cxd4 4. Nxd4 Nf6 5. Nc3 g6 6. Nxc6 bxc6 7. e5 Nh5 8. Bc4 Qc7 9. Qd4 Bg7 10. f4 f6 11. 0-0 fxe5 12. fxe5 Bxe5 13. Bf7+ Kd8 14. Qh4 Bf6 15. Qe4 Qe5 16. Qxe5 Bxe5 17. Be3 Nf6 18. Rad1 Bxh2+ 19. Kh1 Be5 20. Rfe1 Kc7 21. Bg5 d6 22. Na4 Bf5 23. c4 Bc2 24. Rc1 Bxa4 25. b3 Kd7 26. Rcd1 Ng4 0-1

[Event "Olympiad-42"]
[Site "Baku"]
[Date "2016.09.05"]
[Round "4.4"]
[White "Khuphwathea, Paul C"]
[Black "Beukes, Dante M"]
[Result "1/2-1/2"]
[WhiteElo "1879"]
[BlackElo "1612"]
[PlyCount "97"]
[EventDate "2016.09.02"]
[EventType "team-swiss"]
[EventRounds "11"]
[EventCountry "AZE"]
[SourceTitle "CBM 175"]
[Source "ChessBase"]
[SourceDate "2016.11.10"]
[SourceVersion "1"]
[SourceVersionDate "2016.11.10"]
[SourceQuality "1"]
[WhiteTeam "Malawi"]
[BlackTeam "Namibia"]
[WhiteTeamCountry "MWI"]
[BlackTeamCountry "NAM"]

1. d4 Nf6 2. Nf3 g6 3. Bg5 Bg7 4. Nbd2 0-0 5. e4 d6 6. h3 h6 7. Bh4 g5 8. Bg3 Nh5 9. Bh2 Nf4 10. h4 e5 11. hxg5 hxg5 12. dxe5 dxe5 13. Bxf4 exf4 14. c3 Re8 15. Qc2 Bf5 16. 0-0-0 Bg6 17. Nc4 Qe7 18. Bd3 Nd7 19. e5 Bxd3 20. Qxd3 Nxe5 21. Qh7+ Kf8 22. Ncxe5 Bxe5 23. Rde1 f6 24. Qh8+ Kf7 25. Rh7+ Kg6 26. Nxe5+ fxe5 27. Qg8+ Rxg8 28. Rxe7 Rae8 29. R1xe5 Rxe7 30. Rxe7 Rg7 31. Rxg7+ Kxg7 32. Kd2 Kf6 33. Kd3 Ke5 34. f3 b5 35. a4 a6 36. axb5 axb5 37. Ke2 Kd5 38. Kd3 c5 39. Kc2 c4 40. Kd1 Kc5 41. Kc2 b4 42. Kd2 b3 43. Ke2 Kd5 44. Kf2 Ke5 45. Kg1 Kf5 46. Kf1 Kf6 47. Kg1 Kf5 48. Kf1 Kf6 49. Kg1 1/2-1/2